000 04144nab a2200289 i 4500
003 BR-BrBNA
005 20240306140705.0
008 240306b2011 bl.qr|pooa||| 00| 0 por |
040 _aBR-BrBNA
_bpor
072 _aF01
_b2290
100 _aMonteiro, R.
100 _aDeschamps, C.
100 _aBiasi, L.A.
100 _aBizzo, H.
245 _aDesenvolvimento vegetativo de Mentha campestris Schur e produção de mentol em diferentes espaçamentos de plantio e épocas de colheita
500 _aPublicação on-line; 29 ref.; 10 tables; Summaries (En, Pt)
520 _a RESUMO: A produção de óleos essenciais nas plantas aromáticas é influenciada por fatores bióticos e abióticos. A demanda por esses produtos tem aumentado, sendo os óleos essenciais do gênero Mentha de grande interesse nas indústrias farmacêutica, de cosméticos, alimentícia e agrícola, principalmente em função do composto mentol. Esse trabalho teve como objetivo avaliar o efeito de três espaçamentos de plantio (0,60 x 0,15 m; 0,60 x 0,30 m e 0,60 x 0,45 m) e duas épocas de colheita (60 e 90 dias após o plantio) na espécie Mentha campestris Schur. O experimento foi conduzido no Centro de Estações Experimentais do Canguiri-UFPR, em PinhaisPR, no período de janeiro a abril de 2008. O delineamento utilizado foi o de blocos ao acaso em esquema de parcelas subdivididas. Houve diferença significativa para todas as variáveis analisadas. As massas secas de folhas, ramos e total foram maiores que na primeira época. Para a biomassa seca de folhas foram observados maiores valores no menor espaçamento de plantio. O rendimento de óleo essencial foi maior na segunda época de colheita e nos espaçamentos maiores. A produtividade do óleo também foi maior na segunda época de colheita, porém no espaçamento mais adensado. Pode-se concluir como recomendação para M. campestris Schur o espaçamento 0,60 x 0,15 m e colheita aos 90 dias, por terem atingido maior biomassa, rendimento de óleo essencial e produtividade de mentol por hectare. Palavras-chave: menta, espaçamento, colheita, óleo essencial, mentol
520 _a ABSTRACT: Vegetative development of Mentha campestris Schur and menthol production in different row spaces and harvest times. Essential oil production in aromatic plants is influenced by biotic and abiotic factors. The demand for these products has increased, and essential oils from the genus Mentha have been of great interest for pharmaceutical, cosmetic, food and agronomic industries, especially because of the compound menthol. This study aimed to evaluate the effect of three row spaces (0.60 x 0.15 m; 0.60 x 0.30 m and 0.60 x 0.45 m) and two harvest times (60 and 90 days after planting) on the species Mentha campestris Schur. The experiment was carried out at Canguiri Experimental Stations-UFPR, in Pinhais, Paraná State, Brazil, between January and April 2008. The experimental design was in randomized blocks in split-plot. There was significant difference for all variables. In the second harvest time, leaf, branch and total dry yields were higher than those in the first time. For leaf dry mass, the highest values were observed in the narrowest space. Essential oil yield was higher in the second harvest and in wider rows. Essential oil productivity was also higher in the second harvest time, but in the narrowest row. The space 0.60 x 0.15 m and harvest at 90 days can be recommended due to their higher biomass, essential oil yield and menthol productivity per hectare. Key words: mint, spacing, harvest, essential oil, mentho
650 _aMENTA
650 _aESPAÇAMENTO
650 _aCOLHEITA
650 _aÓLEO ESSENCIAL
773 0 _03543
_913667
_dBotucatu-SP Instituto de Biociências - Departamento de Química e Bioquímica 1998
_o2023-296812
_tRevista Brasileira de Plantas Medicinais (Brazil)
_x1516-0572
_gv. 13(4) p. 401-407; (2011)
_wBR2024000110
856 _uhttps://www.scielo.br/j/rbpm/a/dsDZKbBys9qs97qHggDR5KG/?format=pdf&lang=pt
942 _cAnalítica
999 _c298689
_d298689